A geographic information system (GIS) for forest management planning applications in Selangor Tengah, Selangor Darul Ehsan

Bibliographic Details
Main Author: DAN
Corporate Author: ASEAN Institute of Forest Management (AIFM)
Format: Book
Published: Kuala Lumpur : ASEAN Institute of Forest Management , 1990
Subjects:

MARC

LEADER 00000cam a2200000 7i4500
001 0000002209
005 20030325.0
090 0 0 |a 910.285   |b DAN 1990 
100 1 0 |a DAN   |h Yit May 
245 1 2 |a A geographic information system (GIS) for forest management planning applications in Selangor Tengah, Selangor Darul Ehsan   |c fellowship report prepared by Dan Yit May 
260 0 0 |a Kuala Lumpur :   |b ASEAN Institute of Forest Management ,   |c 1990 
300 |a Various pagings ;   |c 30 cm. 
500 0 0 |a Bibliography: p. 22-23 
650 0 0 |a Forest management   |z Selangor 
650 0 0 |a Geographic information systems   |z Selangor 
710 1 1 |a ASEAN Institute of Forest Management (AIFM) 
998 |a JPSM 
999 |a 0000003689   |b Monograph   |c Open Shelf   |e Default branch 
999 |a 0000003690   |b Monograph   |c Open Shelf   |e Default branch 
999 |a 0000003691   |b Monograph   |c Open Shelf   |e Default branch